[Event "New Delhi"]
[Site "New Delhi"]
[Date "1990.??.??"]
[Round "?"]
[White "Chernin, Alexander"]
[Black "Polgar, Judit"]
[Result "0-1"]
[WhiteElo "2600"]
[BlackElo "2540"]
[PlyCount "58"]
[EventDate "1990.??.??"]
[EventType "tourn"]
[EventRounds "9"]
[EventCountry "IND"]
[Source "ChessBase"]
[SourceDate "2009.11.30"]

1. c4 g6 2. d4 Nf6 3. Nc3 Bg7 4. e4 d6 5. h3 O-O 6. Nf3 e5 7. d5 Na6 8. Be3 Nh5
9. Nh2 Qe8 10. Be2 f5 11. exf5 Nf4 12. Bxf4 exf4 13. fxg6 Qxg6 14. Kf1 Nc5 15.
Rc1 Bf5 16. Nf3 Bf6 17. Kg1 Kh8 18. Kh2 Rg8 19. Rg1 Qh6 20. Bf1 Rg7 21. b4 Nd7
22. Bd3 Rxg2+ 23. Rxg2 Bxh3 24. Ne4 Ne5 25. Nxe5 Bxe5 26. Ng5 Bxg2+ 27. Kxg2
Qxg5+ 28. Kf3 Rg8 29. Ke2 f3+ 0-1

[Event "OHRA-B"]
[Site "Amsterdam"]
[Date "1990.??.??"]
[Round "8"]
[White "Tukmakov, Vladimir B"]
[Black "Polgar, Judit"]
[Result "1-0"]
[WhiteElo "2520"]
[BlackElo "2540"]
[Annotator "Hertneck"]
[PlyCount "67"]
[EventDate "1990.07.??"]
[EventType "swiss"]
[EventRounds "9"]
[EventCountry "NED"]
[Source "ChessBase"]
[SourceDate "1991.02.01"]

1. d4 Nf6 2. c4 c5 3. d5 b5 4. cxb5 a6 5. b6 d6 6. Nc3 Nbd7 7. e4 $1 {Avoids 7.
a4 1/4xb6 8.a5 1/4b4 9.<<a4 db7 10.e4 g5! [+] from Glek,I-Arbakov,V  [URS-sf
Moscow ch 1990]} g6 8. a4 Nxb6 $6 (8... a5 9. Bb5 Bg7 10. Nf3 O-O 11. O-O Bb7
12. Bf4 Nxb6 {@/  Savchenko,S-Shliaktin,I [Podolsk tt 1990]}) 9. a5 Nbd7 10. f4
Bg7 11. Bc4 O-O 12. Nf3 Ne8 13. O-O Nc7 14. Qd3 Nb5 15. Bd2 $16 {A novelty on
15.>>e3 []xc3 ?! 16.bxc3 >> _|_ .. Dreev,A-Andrianov,N   [New York op 1990]}
Nd4 16. Na4 Ra7 17. Nxd4 Bxd4+ 18. Kh1 Nf6 19. Bc3 Bxc3 20. Nxc3 Qc7 21. Rae1
Qxa5 22. e5 Ne8 23. e6 $18 {/^ >>} f5 24. g4 Qb6 25. gxf5 Rxf5 26. Nd1 Nf6 27.
Ne3 Rh5 28. Re2 Bxe6 29. dxe6 Qc6+ 30. Rg2 d5 31. Ba2 Rh3 32. Qe2 Qa4 33. Nxd5
Nh5 34. Bc4 {Hertneck} 1-0

[Event "Wch U14 "]
[Site "Fond du Lac"]
[Date "1990.07.17"]
[Round "3"]
[White "Polgar, Judit"]
[Black "Schwartzman, Gabriel"]
[Result "1/2-1/2"]
[WhiteElo "2550"]
[BlackElo "2300"]
[PlyCount "102"]
[EventDate "1990.07.14"]
[EventType "swiss"]
[EventRounds "11"]
[EventCountry "USA"]
[Source "ChessBase"]
[SourceDate "2003.11.25"]

1. e4 e6 2. d4 d5 3. Nc3 Nf6 4. Bg5 Bb4 5. e5 h6 6. Bd2 Bxc3 7. bxc3 Ne4 8. Qg4
g6 9. Bd3 Nxd2 10. Kxd2 c5 11. Nf3 Bd7 12. Rab1 h5 13. Qf4 c4 14. Be2 Bc6 15.
g4 hxg4 16. Ng5 Qe7 17. Bxg4 Nd7 18. h4 Rf8 19. h5 O-O-O 20. h6 f5 21. Be2 Rh8
22. Rbg1 Nf8 23. Qe3 Nh7 24. Nxh7 Qxh7 25. Qg5 Rhg8 26. Ra1 Kd7 27. Bf3 Rb8 28.
a4 b6 29. Ke2 Qe7 30. Qxe7+ Kxe7 31. Rag1 Be8 32. Bh5 Bf7 33. h7 Rg7 34. Bxg6
Rh8 35. Bxf7 Rxg1 36. Rxg1 Kxf7 37. Rh1 Kg6 38. a5 bxa5 39. Rg1+ Kxh7 40. Ra1
Ra8 41. Rxa5 a6 42. Kf3 Kg6 43. Kf4 Ra7 44. Kg3 Kg5 45. f4+ Kg6 46. Kh4 Rh7+
47. Kg3 Ra7 48. Kh4 Ra8 49. Kg3 Kh5 50. Kh3 Ra7 51. Kg3 Rg7+ 1/2-1/2

[Event "Wch U14 "]
[Site "Fond du Lac"]
[Date "1990.07.??"]
[Round "7"]
[White "Polgar, Judit"]
[Black "Mathe, Aurelien"]
[Result "1-0"]
[WhiteElo "2550"]
[BlackElo "2050"]
[Annotator "Trescher,M"]
[PlyCount "53"]
[EventDate "1990.07.14"]
[EventType "swiss"]
[EventRounds "11"]
[EventCountry "USA"]
[Source "ChessBase"]
[SourceDate "2003.11.25"]

{Für diese Partie erhielt die neue Weltmeisterin Judit Polgar den
Schönheitspreis.} 1. e4 c5 2. Nf3 e6 3. d4 cxd4 4. Nxd4 Nc6 5. Nc3 Qc7 6. Be2
a6 7. O-O Nf6 8. Be3 Be7 9. f4 d6 10. Qe1 O-O 11. Qg3 Bd7 12. Kh1 b5 13. a3
Nxd4 14. Bxd4 Bc6 15. e5 Ne8 16. Bd3 Qb7 17. Rae1 b4 18. exd6 $1 Bxd6 19. Ne4
Be7 20. f5 exf5 21. Nc5 Qa7 22. Ne6 Bd6 23. Qh3 Qb7 24. Nxf8 Bxf8 25. Qxf5
Bxg2+ 26. Kg1 g6 27. Qxf7+ (27. Qxf7+ Qxf7 28. Rxf7 Kxf7 (28... Bd5 29. Rd7)
29. Bc4+) 1-0

[Event "Wch U14 "]
[Site "Fond du Lac"]
[Date "1990.07.??"]
[Round "9"]
[White "Polgar, Judit"]
[Black "Har Zvi, Ronen"]
[Result "1/2-1/2"]
[WhiteElo "2550"]
[BlackElo "2225"]
[PlyCount "102"]
[EventDate "1990.07.14"]
[EventType "swiss"]
[EventRounds "11"]
[EventCountry "USA"]
[Source "ChessBase"]
[SourceDate "2003.11.25"]

1. e4 g6 2. d4 Bg7 3. Nc3 d6 4. f4 Nc6 5. d5 Nd4 6. Nb5 Nxb5 7. Bxb5+ c6 8. Bc4
Nf6 9. Qe2 O-O 10. Nf3 Qb6 11. c3 cxd5 12. exd5 Bf5 13. Be3 Qa5 14. Rd1 Be4 15.
Qd2 Qc7 16. Bb3 a5 17. a3 b5 18. O-O Bxf3 19. Rxf3 Ng4 20. Bd4 Bxd4+ 21. Qxd4
Qa7 22. h3 Nf6 23. Re3 Qxd4 24. Rxd4 Ra7 25. g4 Rb8 26. Bd1 Kf8 27. g5 Ne8 28.
Kf2 Nc7 29. h4 b4 30. cxb4 axb4 31. Rb3 Rab7 32. a4 Na6 33. h5 Nc5 34. Rh3 b3
35. hxg6 hxg6 36. Rh8+ Kg7 37. Rxb8 Rxb8 38. Be2 Ra8 39. Bb5 Rh8 40. Kg2 Rc8
41. Rd1 Nb7 42. Re1 Kf8 43. Kf3 Rc5 44. Re3 Na5 45. Ke4 Rc2 46. Re2 Nc4 47. Re1
Nxb2 48. Kd4 Rf2 49. Ke3 Rc2 50. Kd4 Rf2 51. Ke3 Rc2 1/2-1/2

[Event "Wch U14 "]
[Site "Fond du Lac"]
[Date "1990.07.??"]
[Round "11"]
[White "Polgar, Judit"]
[Black "Kaminski, Marcin"]
[Result "1-0"]
[WhiteElo "2550"]
[BlackElo "2395"]
[PlyCount "60"]
[EventDate "1990.07.14"]
[EventType "swiss"]
[EventRounds "11"]
[EventCountry "USA"]
[Source "ChessBase"]
[SourceDate "2003.11.25"]

1. e4 c5 2. Nf3 d6 3. d4 cxd4 4. Nxd4 Nf6 5. Nc3 a6 6. Bc4 e6 7. Bb3 Nbd7 8.
Be3 Nc5 9. f3 Qc7 10. Qd2 b5 11. a3 Be7 12. Ba2 Rb8 13. O-O O-O 14. Nce2 Bd7
15. g4 Rfc8 16. Ng3 Na4 17. g5 Ne8 18. c3 Nb6 19. f4 Nc4 20. Qf2 Bf8 21. f5
exf5 22. exf5 d5 23. Bf4 Bd6 24. Rae1 Bxf4 25. Qxf4 Qxf4 26. Rxf4 Ned6 27. Re7
Be8 28. Rf2 Rb7 29. Re1 a5 30. Rfe2 b4 (30... b4 31. Bxc4 dxc4 32. Ne4 $16) 1-0

[Event "Pamplona 9091 1st"]
[Site "Pamplona"]
[Date "1990.??.??"]
[Round "?"]
[White "Gomez Esteban, Juan Mario"]
[Black "Polgar, Judit"]
[Result "1-0"]
[WhiteElo "2415"]
[BlackElo "2540"]
[Annotator "Knaak,R"]
[PlyCount "129"]
[EventDate "1990.12.??"]
[EventType "tourn"]
[EventRounds "9"]
[EventCountry "ESP"]
[EventCategory "12"]
[Source "ChessBase"]
[SourceDate "1991.04.01"]

1. c4 Nf6 2. Nc3 g6 3. e4 d6 4. d4 Bg7 5. Be2 O-O 6. Be3 $5 e5 7. d5 Na6 {>= 7.
..c6} 8. h4 Nc5 9. f3 a5 10. Qd2 Nfd7 (10... Nh5 $5) 11. g4 f5 12. g5 $1 $16 {
Schwarz ist ohne vernünftigen Plan} Rf7 13. O-O-O Nf8 14. Nh3 Bd7 15. Qc2 Na6
16. Kb1 Qc8 17. Nf2 a4 $6 {>< a4} 18. Nb5 f4 19. Bd2 Nc5 20. Bb4 Qb8 21. Ba3
Be8 22. Bf1 Rd7 23. Nd3 Nxd3 24. Rxd3 b6 25. Bh3 Re7 26. Bb4 Ra6 27. Ra3 Qa8
28. Rd1 Kh8 29. Bg4 Kg8 30. Rdd3 h6 31. Rd1 hxg5 32. hxg5 Nh7 33. Be6+ Bf7 34.
Bxf7+ Rxf7 35. Rg1 Qd8 36. Be1 Bf8 37. Bh4 Qd7 38. Rg4 c6 39. dxc6 Qxc6 40.
Rxa4 Rxa4 41. Qxa4 Qc5 42. a3 Be7 43. Nc3 Qd4 44. Qd1 Qxc4 45. Nd5 Nf8 46. Rg2
Ne6 47. Rc2 Qd4 48. Rd2 Qc4 49. Nxb6 Qb5 50. Nd5 Bd8 51. Nc3 Qc4 52. Rxd6 Be7
53. Rd7 Bxa3 54. Rxf7 Qb4 55. Na4 Kxf7 56. Qd7+ Qe7 57. Qd5 Qa7 58. Qxe5 Be7
59. Nc3 Qg1+ 60. Ka2 Qh1 61. Nb5 Qd1 62. Qd5 Qxf3 63. Nc7 Qg4 64. Qd7 Qxh4 65.
Qe8+ 1-0

[Event "Portoroz/Nova Gorica"]
[Site "Portoroz"]
[Date "1991.??.??"]
[Round "?"]
[White "Arlandi, Ennio"]
[Black "Polgar, Judit"]
[Result "0-1"]
[WhiteElo "2400"]
[BlackElo "2540"]
[Annotator "Wahls"]
[PlyCount "120"]
[EventDate "1991.??.??"]
[EventType "schev"]
[EventRounds "3"]
[EventCountry "SLO"]
[Source "ChessBase"]
[SourceDate "1991.10.01"]

1. d4 Nf6 2. c4 g6 3. Nc3 Bg7 4. e4 d6 5. Nf3 O-O 6. Be2 e5 7. O-O Nc6 8. d5
Ne7 9. Nd2 a5 10. a3 Nd7 11. Rb1 f5 12. b4 Kh8 13. Qc2 Ng8 14. exf5 gxf5 15. f4
exf4 16. Nf3 Ne7 {N} (16... Ne5 17. Bxf4 Nxf3+ 18. Bxf3 axb4 19. axb4 Nh6 20.
Kh1 Ng4 21. c5 Ne5 22. Nb5 $14) 17. Bxf4 Ng6 18. Bg5 Nf6 19. Rbe1 axb4 20. axb4
h6 21. Nh4 Ne5 22. Bf4 Nh5 23. Bxe5 Qxh4 24. Bxg7+ Nxg7 25. Qd2 $14 Bd7 26. Rf4
Qg5 27. Ref1 Rae8 28. Qd4 Re5 29. R4f3 Nh5 30. Rh3 Rg8 31. Rf2 Be8 32. Bxh5
Bxh5 33. Rg3 Qf6 34. Ne4 Qf7 35. Rxg8+ Kxg8 36. Ng3 Qf6 37. Rf1 Bg6 38. h3 Qg5
39. Rf3 h5 40. h4 Qg4 41. Qxg4 fxg4 42. Rc3 Kg7 43. Kf2 Kf6 44. Ne2 Rf5+ 45.
Ke3 Ke5 46. Rc1 Rf7 47. Ra1 Be4 48. g3 Rf3+ 49. Kd2 Bd3 50. Nf4 Bxc4 51. Re1+
Kd4 52. Ne6+ Kxd5 53. Nxc7+ Kc6 54. Ne8 Rxg3 55. Nf6 Rh3 56. Nxh5 Rxh4 57. Nf6
Kb5 58. Re7 b6 59. Ne4 d5 60. Nf6 Kxb4 0-1

[Event "Aruba m1"]
[Site "Aruba"]
[Date "1991.??.??"]
[Round "2"]
[White "Polugaevsky, Lev"]
[Black "Polgar, Judit"]
[Result "1-0"]
[WhiteElo "2610"]
[BlackElo "2540"]
[Annotator "Wahls"]
[PlyCount "85"]
[EventDate "1991.03.??"]
[EventType "match"]
[EventRounds "8"]
[EventCountry "NAU"]
[Source "ChessBase"]
[SourceDate "1991.08.01"]

1. d4 Nf6 2. Nf3 g6 3. c4 Bg7 4. Nc3 O-O 5. e4 d6 6. Be2 e5 7. O-O Nc6 8. d5
Ne7 9. Nd2 a5 10. a3 Nd7 11. Rb1 f5 12. b4 Kh8 13. f3 axb4 14. axb4 Ng8 15. Qc2
Ngf6 16. Nb5 Nh5 17. g3 (17. Rd1 $5 Nf4 18. Bf1) 17... Ndf6 18. c5 fxe4 19.
fxe4 Bh3 20. Rf2 Ng4 21. Rxf8+ Bxf8 22. Nf3 h6 23. Nh4 $1 Qf6 24. Bf3 Ng7 25.
Qe2 h5 26. Bg2 $16 Bxg2 27. Kxg2 g5 28. Nf3 c6 29. Bxg5 Qg6 30. dxc6 bxc6 31.
Nxd6 Ne6 32. h3 Bxd6 33. cxd6 Nf6 34. Bxf6+ Qxf6 35. Kh2 Rf8 36. Rf1 h4 37.
gxh4 Qf4+ 38. Kh1 Nd4 39. Qd2 Qf6 40. Qg5 Nxf3 41. Qh5+ Kg8 42. Rf2 Rf7 43. d7
1-0

[Event "Aruba m1"]
[Site "Aruba"]
[Date "1991.??.??"]
[Round "3"]
[White "Polgar, Judit"]
[Black "Polugaevsky, Lev"]
[Result "1/2-1/2"]
[WhiteElo "2540"]
[BlackElo "2610"]
[Annotator "Polgar,J"]
[PlyCount "88"]
[EventDate "1991.03.??"]
[EventType "match"]
[EventRounds "8"]
[EventCountry "NAU"]
[Source "ChessBase"]
[SourceDate "1991.08.01"]

1. e4 c5 2. Nf3 d6 3. d4 cxd4 4. Nxd4 Nf6 5. Nc3 a6 6. f4 e6 7. Be2 Be7 8. O-O
O-O 9. Be3 Qc7 10. g4 Re8 (10... b5 11. g5 Nfd7 12. f5) 11. g5 Nfd7 12. Bh5 g6
13. Bg4 Bf8 (13... Nc6 $2 14. Nxe6 $1 $18 {Polgar,Judit-Ree,Amsterdam 1989-48/
(328).}) 14. a4 (14. f5 Ne5) 14... Nc6 (14... b6 $5) 15. Qe2 Nxd4 16. Bxd4 b6
17. Qf2 Bb7 18. Rae1 (18. Rad1 $5) 18... Re7 19. h4 Rae8 20. Bh3 e5 21. fxe5
Nxe5 22. Bxb6 $2 (22. Bg2 $1) 22... Qc4 $2 (22... Nf3+ $1 23. Kh1 Qc6 24. Nd5
$2 (24. Re2 $5 Bg7 25. a5 Bxc3 26. Qxf3 Bxb2 27. Bg2 $13) 24... Nxe1 25. Bd4 (
25. Nxe7+ Rxe7 26. Rxe1 Qxa4 $17) 25... Qxd5 26. exd5 Bxd5+ 27. Kh2 Re2 $19)
23. Rd1 Bg7 (23... Qb4 24. Bd4 $5) 24. Rxd6 Bxe4 25. Nxe4 Qxe4 26. b3 (26. Bd8
Nc4 (26... Ng4 $5 27. Qf4 Qxf4 28. Rxf4 Re1+ 29. Rf1 R8e3 $1 {Polugajevski})
27. Rdd1 $1 {Polugajevski}) 26... Ng4 27. Qd2 (27. Qg2 $2 Qb4) 27... h5 $5 (
27... Ne5 $10) 28. gxh6 (28. Rd5 Ne5) 28... Bxh6 29. Qd3 Ne3 (29... Qb4 30. c3
$1 {Polugajevski}) 30. Qxe4 Rxe4 31. Bxe3 Bxe3+ 32. Kg2 (32. Kh1 $6 Rxh4 33.
Kg2 Re5) 32... Bc5 (32... Rxh4 33. Rxa6 Re5 34. Raf6) 33. Rc6 Re2+ 34. Kh1 Rxc2
(34... R8e3 35. Rxc5 Rxh3+ 36. Kg1 Rhh2 37. Rf4 $1 {Polugajevski}) 35. b4 Re3 (
35... Rc3 36. Bg2 Bxb4 37. Bd5 $1) 36. Bf5 gxf5 37. Rxc5 Rh3+ 38. Kg1 Rg3+ 39.
Kh1 Rh3+ 40. Kg1 Rxc5 41. bxc5 Rxh4 42. Rc1 Kg7 43. c6 Rh8 44. c7 Rc8 1/2-1/2

[Event "Munich SKA"]
[Site "Munich"]
[Date "1991.05.04"]
[Round "1"]
[White "Hertneck, Gerald"]
[Black "Polgar, Judit"]
[Result "1-0"]
[WhiteElo "2535"]
[BlackElo "2540"]
[Annotator "Wahls"]
[PlyCount "77"]
[EventDate "1991.05.04"]
[EventType "tourn"]
[EventRounds "13"]
[EventCountry "GER"]
[EventCategory "14"]
[Source "ChessBase"]
[SourceDate "1991.08.01"]

1. d4 {Anand} Nf6 2. c4 g6 3. Nc3 Bg7 4. e4 d6 5. Nf3 O-O 6. Be2 e5 7. O-O Nc6
8. d5 Ne7 9. Nd2 a5 10. Rb1 Nd7 11. a3 f5 12. b4 Kh8 13. Qc2 axb4 14. axb4 fxe4
(14... Ng8 {Anand}) 15. Ncxe4 Nf5 16. Nf3 {TN} h6 $6 (16... Nf6 17. Bg5 {
Hertneck}) 17. Bd2 Nf6 18. Bd3 Nh5 19. Ra1 (19. g4 {Anand} Ne7) 19... Rb8 (
19... Rxa1 {Anand} 20. Rxa1 Nf4 $132) 20. Ng3 Nhxg3 (20... Nf4 {Anand} 21. Bxf4
exf4 22. Nxf5 Bxf5 (22... Bxa1 23. N5h4 $18) 23. Rae1 $16) 21. hxg3 g5 22. g4
Ne7 23. Nh2 b5 24. Be4 Bb7 (24... bxc4 {Anand} 25. Qxc4 Bd7 26. Rfc1 Rb7 27.
Ra5 $14) 25. Ra3 Rf6 (25... bxc4 {Anand} 26. Qxc4 (26. Bxg5 hxg5 27. Rh3+ Kg8))
26. Rh3 Kg8 27. cxb5 Bc8 28. Rc1 Qf8 (28... Rb7 {Anand} 29. Rc3) 29. Rf3 Rb7
30. Rc3 Rxf2 31. Nf3 Re2 32. Qd3 Rxe4 33. Qxe4 Rxb5 34. Rxc7 Bb7 35. Bxg5 Bxd5
36. Qe2 hxg5 37. Qxb5 Bxf3 38. Rxe7 Qxe7 39. gxf3 1-0

[Event "Munich SKA"]
[Site "Munich"]
[Date "1991.05.12"]
[Round "8"]
[White "Hort, Vlastimil"]
[Black "Polgar, Judit"]
[Result "1-0"]
[WhiteElo "2540"]
[BlackElo "2540"]
[Annotator "Knaak,R"]
[PlyCount "95"]
[EventDate "1991.05.04"]
[EventType "tourn"]
[EventRounds "13"]
[EventCountry "GER"]
[EventCategory "14"]
[Source "ChessBase"]
[SourceDate "1991.08.01"]

1. d4 Nf6 2. c4 g6 3. Nc3 Bg7 4. e4 d6 5. Be2 O-O 6. Bg5 c5 7. d5 h6 8. Be3 e6
9. h3 exd5 10. exd5 Bf5 $4 (10... Re8 11. Nf3 Bf5 12. g4 Be4 $14) 11. g4 Bc8
12. Qd2 {+-/+/-} b5 13. Bxh6 b4 14. Bxg7 Kxg7 15. Nd1 Ne4 16. Qf4 Re8 17. h4
Qf6 18. Qxf6+ Nxf6 19. f3 Nbd7 20. Nf2 Ba6 21. b3 Re3 22. Nd1 Re5 23. Rh2 Rae8
24. Kf1 R8e7 25. Rc1 Re8 26. Rc2 Bb7 27. Nh3 a5 28. Nf4 Nb6 29. Nf2 a4 30. g5
Nfxd5 31. cxd5 axb3 32. axb3 Nxd5 33. Nxd5 Bxd5 34. Ng4 Rf5 35. Nf6 Re3 36.
Nxd5 Rxd5 37. Rb2 Rde5 38. Rf2 f6 39. gxf6+ Kxf6 40. Kg2 Rh5 41. Rd2 Rxb3 42.
Rxd6+ Ke5 43. Rc6 Kd5 44. Bb5 Rxh4 45. Rxg6 Re3 46. Kg3 Rd4 47. Rc2 Rc3 48. Rh2
1-0

[Event "Munich SKA"]
[Site "Munich"]
[Date "1991.05.15"]
[Round "10"]
[White "Christiansen, Larry Mark"]
[Black "Polgar, Judit"]
[Result "1-0"]
[WhiteElo "2590"]
[BlackElo "2540"]
[Annotator "Knaak,R"]
[PlyCount "53"]
[EventDate "1991.05.04"]
[EventType "tourn"]
[EventRounds "13"]
[EventCountry "GER"]
[EventCategory "14"]
[Source "ChessBase"]
[SourceDate "1991.08.01"]

1. d4 Nf6 2. c4 g6 3. Nc3 Bg7 4. e4 d6 5. f3 O-O 6. Bg5 c5 7. d5 e6 8. Nge2 $1
(8. Qd2 exd5 9. Nxd5 Be6 10. Ne2 Bxd5 11. cxd5 Nbd7 $10) 8... exd5 9. Nxd5 $5
Be6 10. Nec3 Nc6 11. Qd2 h6 $6 (11... Nd4 12. Bd3 (12. O-O-O a6 13. h4 $40)
12... a6 13. O-O b5 $13 {Gulko-Agzamov/URS/1966}) 12. Nxf6+ Bxf6 13. Bxf6 Qxf6
14. Qxh6 $16 Ne5 15. h4 Nxc4 16. O-O-O Rad8 17. Bxc4 Bxc4 18. h5 Qg7 19. hxg6
fxg6 (19... Qxh6+ 20. Rxh6 Kg7 21. Rdh1 fxg6 22. Rh7+ Kf6 23. Rxb7 $18) 20. Qh2
Rf6 21. e5 Rff8 22. exd6 Rd7 23. Qh4 Bf7 24. Qg5 b6 25. Rh6 Be8 26. Rdh1 Rf5
27. Qe3 1-0

[Event "Brno Morava-A"]
[Site "Brno"]
[Date "1991.??.??"]
[Round "6"]
[White "Epishin, Vladimir"]
[Black "Polgar, Judit"]
[Result "1/2-1/2"]
[WhiteElo "2615"]
[BlackElo "2550"]
[Annotator "Wahls"]
[PlyCount "84"]
[EventDate "1991.09.??"]
[EventType "tourn"]
[EventRounds "9"]
[EventCountry "CSR"]
[EventCategory "13"]
[Source "ChessBase"]
[SourceDate "1992.02.01"]

1. d4 Nf6 2. c4 g6 3. Nc3 Bg7 4. e4 d6 5. Nf3 O-O 6. Be2 e5 7. O-O Nc6 8. d5
Ne7 9. Nd2 a5 10. Rb1 Nd7 11. a3 f5 12. b4 Kh8 13. f3 axb4 14. axb4 Ng8 15. Qc2
Ngf6 16. Nb5 Nh5 17. g3 Ndf6 18. c5 Bd7 {neu} (18... fxe4 19. fxe4 Bh3 20. Rf2
Ng4 (20... Qd7 21. c6 $1 $14 {Ftacnik,L-Wang Zili/Sydney/1991/1/2-1/2/34/  CBM
23}) 21. Rxf8+ Bxf8 22. Nf3 h6 $6 (22... Be7 $5) 23. Nh4 $1 $16 {Polugaevsky,
L-Polgar,J/Aruba (2)/1991/1-0/43/  CBM 23}) 19. Rb3 $1 Bh6 (19... Nxg3 $5 {Die
ist die neueste Lösung, vorgeführt vom Weltmeister.} 20. hxg3 Nh5 21. f4 exf4
22. c6 $13 {Karpov,An-Kasparov,G/Tilburg/1991/1/2-1/2/114/}) 20. Rc3 fxe4 21.
fxe4 Bh3 22. Re1 dxc5 (22... Qd7 {Judits Neuerung für das Wiener Turnier, das
kurz nach Brno stattfand. Auch dieses Mal gerät sie in Nachteil, aber auch
diesmal entschlüpft sie der Niederlage.} 23. Nf3 $1 Bxc1 24. Rxc1 Nf4 25. Ng5
$1 (25. gxf4 Qg4+ 26. Kf2 Qxf4 $36) 25... Nxe2+ 26. Qxe2 Bg4 27. Qc4 Ne8 28.
Rf1 $16 Rxf1+ 29. Qxf1 Kg8 30. h3 h6 31. c6 bxc6 32. dxc6 Qe7 33. hxg4 hxg5 34.
Rf3 $2 (34. Qc4+ $16 Qf7 35. Qxf7+ Kxf7 36. Rc4 $16 {/\ Nb5-c3-d5; Kg1-f2-e3})
34... d5 $1 35. exd5 $2 (35. Nc3 $1 dxe4 36. Qc4+ Kg7 37. Nxe4 $16) 35... Qxb4
36. d6 Nxd6 37. Nxd6 cxd6 38. Rf6 Qb3 39. Kh2 Kg7 40. Rxd6 (40. Rxg6+ Kxg6 41.
Qf5+ Kg7 42. Qxg5+ Kf8 43. Qh6+ Ke7 44. Qg5+ Ke8 45. Qh5+ Qf7 46. Qh8+ Qf8 47.
Qh5+ Kd8 $19) 40... Rh8+ {Epishin,V-Polgar,J/Vienna/1991/0-1/40/}) 23. bxc5 c6
24. dxc6 Bxd2 25. Bxd2 bxc6 26. Nd6 Ng4 27. Rf3 Qe7 28. Rb1 $16 Rxf3 29. Bxf3
Rf8 30. Bxg4 Bxg4 31. Bh6 Ng7 32. Rb7 Bd7 33. Qd2 Qf6 34. Nf5 Bxf5 35. exf5 Rg8
36. fxg6 Qxg6 37. Qg5 (37. Qd6 $1 $18 Qxd6 38. cxd6 Nf5 39. Bg5 $1 Rxg5 40.
Rb8+ Kg7 41. d7 $18) 37... Nf5 38. Qxg6 Rxg6 39. Bc1 Kg8 40. Bb2 e4 41. Kf2 e3+
42. Ke1 Re6 1/2-1/2

[Event "HUN-ch"]
[Site "Budapest"]
[Date "1991.??.??"]
[Round "5"]
[White "Farago, Ivan"]
[Black "Polgar, Judit"]
[Result "1/2-1/2"]
[WhiteElo "2515"]
[BlackElo "2550"]
[Annotator "Polgar,J"]
[PlyCount "89"]
[EventDate "1991.12.??"]
[EventType "tourn"]
[EventRounds "9"]
[EventCountry "HUN"]
[EventCategory "12"]
[Source "ChessBase"]
[SourceDate "1992.04.01"]

1. d4 Nf6 2. Nf3 g6 3. c4 Bg7 4. Nc3 O-O 5. e4 d6 6. Be2 e5 7. O-O Nc6 8. Be3
Ng4 9. Bg5 f6 10. Bc1 (10. Bh4) 10... f5 11. d5 (11. Bg5 {Informator 49/742})
11... Ne7 12. Ng5 Nf6 13. exf5 Nxf5 (13... gxf5 {Informator 49/743}) 14. Bd3
Nd4 (14... c6 $5 15. Nge4 Nxe4 16. Bxe4 Nd4 $13) 15. Ne2 (15. Be3 Ng4 16. Nce4
Nxe3 17. fxe3 Nf5 18. Qd2 h6 19. Nf3 c6 $13) 15... Nf5 16. Ng3 c6 17. N3e4 cxd5
(17... h6 $5 18. Nxf6+ Qxf6 19. Ne4 Qf7) 18. Nxf6+ (18. cxd5 h6 19. Ne6 Bxe6
20. dxe6 d5 (20... Qe7) 21. Qb3 Nd4 22. e7 $1) 18... Qxf6 19. cxd5 h6 20. Ne4
Qf7 21. Nc3 (21. Qb3 $1 Nd4 22. Qb4 Bf5 23. Be3 {+/=/+/-}) 21... Bd7 22. Be3
Nd4 23. Bxd4 exd4 24. Nb5 Bxb5 25. Bxb5 Qxd5 26. Bd3 Qe6 27. Qc2 Rac8 $2 (27...
g5) 28. Qb3 $1 Qxb3 29. axb3 g5 (29... a6 $2 30. Bxg6 Rc6 (30... d5 31. b4 Rc6
32. Bd3 Rb6 33. b5 $16) 31. Be4) 30. Rxa7 Rc7 31. b4 (31. g3 $16) 31... Be5 32.
b5 d5 33. Re1 Re7 34. g3 Rf3 35. Ra3 Kg7 (35... g4 36. Kg2) 36. Kg2 g4 37. h3
h5 38. hxg4 hxg4 39. Rh1 Bd6 40. Rh4 $1 (40. Rh7+ Kf6 41. Rh6+ Ke5 42. Rh5+ Ke6
$17) 40... Ref7 $8 41. Rh7+ (41. Rxg4+ Kf8 42. Ra8+ Ke7 $17) 41... Kf6 42.
Rxf7+ Kxf7 43. Rb3 Ke6 44. Bc2 Rxb3 45. Bxb3 1/2-1/2

[Event "NED-chT"]
[Site "Netherlands"]
[Date "1992.??.??"]
[Round "?"]
[White "Polgar, Judit"]
[Black "Van der Wiel, John"]
[Result "0-1"]
[WhiteElo "2550"]
[BlackElo "2540"]
[PlyCount "83"]
[EventDate "1992.??.??"]
[EventType "team"]
[EventRounds "11"]
[EventCountry "NED"]
[Source "ChessBase"]
[SourceDate "1998.11.10"]

1. e4 c5 2. Nf3 d6 3. d4 cxd4 4. Nxd4 Nf6 5. Nc3 a6 6. f4 Nbd7 7. Be2 e5 8.
fxe5 dxe5 9. Nf5 Qb6 10. Qd3 Nc5 11. Qf3 Bxf5 12. exf5 Bd6 13. Rb1 e4 14. Qf2
Qc7 15. Be3 O-O-O 16. Rd1 Ncd7 17. Nd5 Qa5+ 18. b4 Bxb4+ 19. Nxb4 Qxb4+ 20. c3
Qxc3+ 21. Bd2 e3 22. Qxe3 Qxe3 23. Bxe3 Rhe8 24. Bf4 Nc5 25. Rxd8+ Kxd8 26. Kf2
Nd5 27. Bc1 Nc3 28. Bc4 b5 29. Bb3 Nd3+ 30. Kf3 Ne1+ 31. Kg4 Re4+ 32. Kh5 Nxg2
33. Bg5+ f6 34. Rg1 Re2 35. Bc1 Nxa2 36. Rd1+ Ke8 37. Bd5 Nxc1 38. Bc6+ Kf7 39.
Bf3 Nf4+ 40. Kg4 Nfd3 41. Bxe2 Ne5+ 42. Kf4 0-1

[Event "Oviedo rapid45"]
[Site "Oviedo"]
[Date "1992.??.??"]
[Round "4"]
[White "Polgar, Judit"]
[Black "De la Villa Garcia, Jesus Maria"]
[Result "1-0"]
[WhiteElo "2550"]
[BlackElo "2450"]
[PlyCount "91"]
[EventDate "1992.??.??"]
[EventType "swiss (rapid)"]
[EventRounds "11"]
[EventCountry "ESP"]
[Source "ChessBase"]
[SourceDate "1994.03.01"]

1. e4 c6 2. d4 d5 3. exd5 cxd5 4. c4 Nf6 5. Nc3 e6 6. Nf3 Bb4 7. cxd5 Nxd5 8.
Qb3 Nc6 9. Bd3 Be7 10. O-O Qb6 11. Qd1 O-O 12. a3 Bf6 13. Be3 g6 14. Bc4 Nxe3
15. fxe3 Bg7 16. Rf2 Bd7 17. Ba2 Rad8 18. Qe2 Qa5 19. Raf1 Ne7 20. Nd2 Qh5 21.
Rf3 Bc6 22. Nde4 Nf5 23. Qe1 Qh4 {[#]} 24. Qxh4 Nxh4 25. Rh3 Nf5 26. g4 Nxe3
27. Rxe3 Bxd4 28. Rfe1 f5 29. Nf2 fxg4 30. Bxe6+ Kh8 31. Bxg4 Rf4 32. Bh3 Rdf8
33. Ncd1 Ba4 34. Bg2 Bxe3 35. Rxe3 Bxd1 36. Nxd1 Rd8 37. Nc3 Rd2 38. b4 Rg4 39.
Ne2 b6 40. Kf2 h5 41. Bf3 Rc4 42. Re8+ Kg7 43. Re7+ Kh6 44. Rxa7 g5 45. Ke3 Rb2
46. Bd5 1-0

[Event "Oviedo rapid45"]
[Site "Oviedo"]
[Date "1992.??.??"]
[Round "5"]
[White "Romero Holmes, Alfonso"]
[Black "Polgar, Judit"]
[Result "0-1"]
[WhiteElo "2490"]
[BlackElo "2550"]
[PlyCount "102"]
[EventDate "1992.??.??"]
[EventType "swiss (rapid)"]
[EventRounds "11"]
[EventCountry "ESP"]
[Source "ChessBase"]
[SourceDate "1994.03.01"]

1. e4 c5 2. Nc3 Nc6 3. Nf3 e6 4. d4 cxd4 5. Nxd4 Qc7 6. g3 a6 7. Bg2 d6 8. O-O
Nf6 9. Re1 Rb8 10. b3 Be7 11. Nxc6 bxc6 12. Na4 O-O 13. c4 c5 14. Bb2 Nd7 15.
f4 Bb7 16. Qd2 Bc6 17. Nc3 Bf6 18. Nd1 Bxb2 19. Nxb2 Rbd8 20. Rad1 Nb8 21. f5
Qe7 22. Nd3 e5 23. Nf2 Bb7 24. Ng4 f6 25. Ne3 Nc6 26. Nd5 Qf7 27. Rf1 Nd4 28.
Rf2 Ra8 29. Nc3 a5 30. Nb5 Rfd8 31. Qd3 a4 32. Nxd4 exd4 33. b4 a3 34. Rb1 Ra4
35. bxc5 dxc5 36. e5 Bxg2 37. e6 Qc7 38. Kxg2 Qc6+ 39. Kh3 Kf8 40. Rb5 Ke7 41.
Qb1 Ra7 42. Rb6 Qc7 43. Rd2 Rd6 44. Rb5 Qc6 45. Rd3 Rd8 46. Rdb3 Rc7 47. Rb6
Qa4 48. Rb7 Rdc8 49. Rxc7+ Rxc7 50. Rb7 Qc6 51. Qb5 Qxb7 0-1